| 000 | 01353cam a22001934a 4500 | ||
|---|---|---|---|
| 005 | 20250605164211.0 | ||
| 008 | 250528s ||||||||||||||||||||||||d | ||
| 035 | _a20279 | ||
| 020 | _a813816106 | ||
| 040 |
_aGR-AtMCL _bgre _dGR-AtMCL _eAACR2 |
||
| 245 | 1 | _aThe Student Pilot's Flight Manual / Including Emergency Flying by Reference to Instruments: From First Flight to the Private Certificate | |
| 260 |
_bIowa State University Press, _c1968 |
||
| 300 | _a200 | ||
| 520 | _aBefore the Flight, The Big Three, The Airplane and How It Flies, Cockpit - Instruments and Systems, Preflight Check, Starting the Airplane, Taxiing, Pretake - Off or Cockpit Check, Pre-Solo, Effects of Controls, The Four Fundamentals, Elementary Precision Maneuvers, Elementary Forced Landings, Stalls, Take-Offs and Landings, Post-Solo Maneuvers, Advanced Stalls, Emergency Flying by Reference to Instruments, Post-Solo Precision Maneuvers, Special Take-Off and Landing Procedures, High Altitude Emergencies, The Cross-Country, The Navigation Idea, The Chart and the Airman's Information Manual, Using the Radio, Weather Information, The Cross-Country - Knowing Your Airplane, Navigation Planning, Flying the Cross-Country, The Flight Test, Appendix, Bibliography, Index. | ||
| 700 | 1 |
_aKershner William K _96283 |
|
| 942 | _cBK | ||
| 999 |
_c5403 _d5403 |
||